Security and environment in the Mediterranean : (Record no. 158092)
[ view plain ]
| 000 -LEADER | |
|---|---|
| fixed length control field | 01519nam a2200325 a 4500 |
| 008 - FIXED-LENGTH DATA ELEMENTS--GENERAL INFORMATION | |
| fixed length control field | |
| 020 ## - INTERNATIONAL STANDARD BOOK NUMBER | |
| International Standard Book Number | 3540401075 (hardback) |
| 040 ## - CATALOGING SOURCE | |
| Original cataloging agency | NUST |
| Transcribing agency | NUST |
| 049 ## - LOCAL HOLDINGS (OCLC) | |
| Holding library | MAIN |
| 090 ## - LOCALLY ASSIGNED LC-TYPE CALL NUMBER (OCLC); LOCAL CALL NUMBER (RLIN) | |
| Classification number (OCLC) (R) ; Classification number, CALL (RLIN) (NR) | UA646.55 |
| Local cutter number (OCLC) ; Book number/undivided call number, CALL (RLIN) | SEC |
| 003 - CONTROL NUMBER IDENTIFIER | |
| control field | |
| 005 - DATE AND TIME OF LATEST TRANSACTION | |
| control field | 20230123134004.0 |
| 245 00 - TITLE STATEMENT | |
| Title | Security and environment in the Mediterranean : |
| Remainder of title | conceptualising security and environmental conflicts / |
| Statement of responsibility, etc. | edited by PD Dr.phil, habil Hans G�unter Brauch ; Prof. Dr. Peter H Liotta, Jerome E, Levy ; Prof. Dr. Paul F. Rogers & Prof. Dr. Mohammad El-Sayed Selim ; with forewords by Hon. Lord Robertson and Hon Amre Moussa ; with prefaces by Kamel S. ; Abu Jaber ; Sir Crispin Tickell ; Ambassador Jonathan Dean & Professor El Sayed Yassin. |
| 260 ## - PUBLICATION, DISTRIBUTION, ETC. | |
| Place of publication, distribution, etc. | New York : |
| Name of publisher, distributor, etc. | Springer, |
| Date of publication, distribution, etc. | 2003. |
| 300 ## - PHYSICAL DESCRIPTION | |
| Extent | xxvi, 1134 pages : |
| Other physical details | illustrations ; |
| Dimensions | 29 cm. |
| 336 ## - CONTENT TYPE | |
| Content type term | text |
| Content type code | txt |
| Source | rdacontent |
| 337 ## - MEDIA TYPE | |
| Media type term | unmediated |
| Media type code | n |
| Source | rdamedia |
| 338 ## - CARRIER TYPE | |
| Carrier type term | volume |
| Carrier type code | nc |
| Source | rdacarrier |
| 500 ## - GENERAL NOTE | |
| General note | Includes index. |
| 504 ## - BIBLIOGRAPHY, ETC. NOTE | |
| Bibliography, etc. note | Includes bibliographical references. |
| 650 #0 - SUBJECT ADDED ENTRY--TOPICAL TERM | |
| Topical term or geographic name entry element | National security |
| Geographic subdivision | Mediterranean Region. |
| 651 #0 - SUBJECT ADDED ENTRY--GEOGRAPHIC NAME | |
| Geographic name | Mediterranean Region |
| General subdivision | Environmental conditions. |
| 651 #0 - SUBJECT ADDED ENTRY--GEOGRAPHIC NAME | |
| Geographic name | Mediterranean Region |
| General subdivision | Strategic aspects. |
| 700 1# - ADDED ENTRY--PERSONAL NAME | |
| Personal name | Brauch, Hans G�unter (PD Dr.)., |
| Relator term | ditor. |
| 700 ## - ADDED ENTRY--PERSONAL NAME | |
| Personal name | Levy, Jerome E. Peter H. Liotta (Dr.)., |
| -- | editor. |
| 700 ## - ADDED ENTRY--PERSONAL NAME | |
| Personal name | Rogers, Paul F. (Dr.)., |
| -- | editor. |
| 700 ## - ADDED ENTRY--PERSONAL NAME | |
| Personal name | Selim, Mohamma El-Sayed., |
| -- | editor. |
| 907 ## - LOCAL DATA ELEMENT G, LDG (RLIN) | |
| a | .b1016151x |
| b | 31-03-22 |
| c | 15-04-05 |
| 942 ## - ADDED ENTRY ELEMENTS (KOHA) | |
| Koha item type | Ordinary Loan Books |
| Call number prefix | UA646.55 |
| Call number suffix | SEC |
| Date last seen | Total Checkouts | Full call number | Barcode | Cost, replacement price | Price effective from | Koha item type | Lost status | Source of classification or shelving scheme | Damaged status | Not for loan | Collection | Withdrawn status | Home library | Current library | Shelving location | Date acquired | Cost, normal purchase price |
|---|---|---|---|---|---|---|---|---|---|---|---|---|---|---|---|---|---|
| 01/23/2023 | UA646.55 SEC | 92003036213 | 80.00 | 01/23/2023 | BOOKS | LCC | NFIC | MAIN | MAIN | GEN | 01/23/2023 | 80.00 |